Проблема социальной ориентации экономики. Противоречия социальной справедливости и экономической эффективности; Импульс-2013

Bibliographic Details
Parent link:Импульс-2013.— 2013.— [С. 58-60]
Main Author: Просекина А. Б.
Corporate Author: Национальный исследовательский Томский политехнический университет (ТПУ) Институт социально-гуманитарных технологий (ИСГТ) Кафедра экономики (ЭКОН)
Other Authors: Борисова Л. М. Людмила Михайловна (научный руководитель)
Summary:Заглавие с титульного экрана
Language:Russian
Published: 2013
Series:Мировая экономика и инвестиции
Subjects:
Online Access:http://www.lib.tpu.ru/fulltext/c/2013/C25/022.pdf
Format: Electronic Book Chapter
KOHA link:https://koha.lib.tpu.ru/cgi-bin/koha/opac-detail.pl?biblionumber=604244

MARC

LEADER 00000naa2a2200000 4500
001 604244
005 20260206095134.0
035 |a (RuTPU)RU\TPU\conf\1511 
035 |a RU\TPU\conf\1510 
090 |a 604244 
100 |a 20140226d2013 k y0rusy50 ca 
101 0 |a rus 
102 |a RU 
135 |a drnn ---uucaa 
181 0 |a i  
182 0 |a b 
200 1 |a Проблема социальной ориентации экономики. Противоречия социальной справедливости и экономической эффективности  |f А. Б. Просекина  |g науч. рук. Л. М. Борисова 
203 |a Текст  |c электронный 
225 1 |a Мировая экономика и инвестиции 
300 |a Заглавие с титульного экрана 
320 |a [Библиогр.: с. 60 (4 назв.)] 
337 |a Adobe Reader 
463 1 |0 (RuTPU)RU\TPU\conf\506  |t Импульс-2013  |o труды X Международной научно-практической конференции студентов, молодых ученых и предпринимателей в сфере экономики, менеджмента и инноваций, 27-29 ноября 2013 г., г. Томск  |f Национальный исследовательский Томский политехнический университет (ТПУ) ; под ред. С. Л. Ереминой и др.  |v [С. 58-60]  |d 2013 
610 1 |a труды учёных ТПУ 
610 1 |a электронный ресурс 
610 1 |a социальная ориентация 
610 1 |a экономика 
610 1 |a социальная справедливость 
610 1 |a экономическая эффективность 
700 1 |a Просекина  |b А. Б. 
702 1 |a Борисова  |b Л. М.  |c экономист  |c доцент Томского политехнического университета, кандидат экономических наук  |f 1976-  |g Людмила Михайловна  |4 727 
712 0 2 |a Национальный исследовательский Томский политехнический университет (ТПУ)  |b Институт социально-гуманитарных технологий (ИСГТ)  |b Кафедра экономики (ЭКОН)  |3 (RuTPU)RU\TPU\col\18375 
801 2 |a RU  |b 63413507  |c 20140226  |g RCR 
856 4 |u http://www.lib.tpu.ru/fulltext/c/2013/C25/022.pdf 
942 |c CF